000 00351pab a2200145 454500
008 180718b2003 xxu||||| |||| 00| 0 eng d
100 _aDhillon, K.S.
245 _aKF rustamji - a policeman with a difference
260 _c2003
300 _ap.118-21.
362 _aApr-Jun
650 _aPolice
773 _aIndian Police Journal
909 _a59456
999 _c59456
_d59456